000 00748nam a22002777a 4500
001 BR0602019
003 BR-BrBNA
005 20230928102129.0
007 ta
008 230509b bl.||||| |||| 00| 0 por d
040 _aBR-BrBNA
_bpor
_cBiblioteca Nacional de Agricultura
041 _a(Por)
072 _aE14; E71
_b0940
_b9921
090 _ 0940 BR0602019
100 1 _aRigon, L.
245 1 _aAnuário brasileiro da uva e do vinho 2006
260 3 _aSanta Cruz do Sul, RS (Brasil):
_bEditora Gazeta Santa Cruz,
_c2006.
300 _a136 p.
650 _aUVA
650 _aVINHO
650 _aMERCADO MUNDIAL
650 _aESTATÍSTICA DE PRODUÇÃO
650 _aQUALIDADE
909 _a202309
_bLucia
_c55
_dLucia Elande
942 _cBK
999 _c69288
_d69288